Introduction to metric and topological spaces / (Record no. 30157)

000 -LEADER
fixed length control field 00593 a2200169 4500
020 ## - INTERNATIONAL STANDARD BOOK NUMBER
International Standard Book Number 9780199563081
020 ## - INTERNATIONAL STANDARD BOOK NUMBER
International Standard Book Number 9780199563081
082 ## - DEWEY DECIMAL CLASSIFICATION NUMBER
Classification number 514.32
090 ## - LOCALLY ASSIGNED LC-TYPE CALL NUMBER (OCLC); LOCAL CALL NUMBER (RLIN)
-- 1546
-- 1546
100 1# - MAIN ENTRY--PERSONAL NAME
Personal name Sutherland, Wilson A.
245 10 - TITLE STATEMENT
Title Introduction to metric and topological spaces /
Statement of responsibility, etc. Wilson A Sutherland.
250 ## - EDITION STATEMENT
Edition statement 2nd ed.
260 ## - PUBLICATION, DISTRIBUTION, ETC.
Place of publication, distribution, etc. [S.l.] :
Name of publisher, distributor, etc. Oxford University Press, USA,
Date of publication, distribution, etc. 2009.
300 ## - PHYSICAL DESCRIPTION
Extent 224 p. ;
Dimensions 24 cm.
942 ## - ADDED ENTRY ELEMENTS (KOHA)
Institution code [OBSOLETE] SNS
Koha item type Book
Call number prefix 514.32 SUT
Holdings
Withdrawn status Lost status Damaged status Not for loan Permanent Location Current Location Date acquired Total Checkouts Full call number Barcode Date last seen Date last checked out Price effective from Koha item type
        School of Natural Sciences (SNS) School of Natural Sciences (SNS) 05/26/2016 5 514.32 SUT SNS0001811 02/10/2020 10/23/2019 05/26/2016 Book
© 2023 Central Library, National University of Sciences and Technology. All Rights Reserved.